| 000 | 00488cam a2200193ua 4500 | ||
|---|---|---|---|
| 001 | 10847 | ||
| 005 | 20260515114652.0 | ||
| 008 | 190409n ii |||gr||||Z||||||eng | ||
| 020 | _a8126114983 | ||
| 040 | _cMAIN | ||
| 082 | _a658 | ||
| 100 |
_aV Gangadhar, _eAuthor. |
||
| 245 |
_aSecurity analysis and portfolio management _cBy V Gangadhar |
||
| 250 | _a1st rep. | ||
| 260 |
_aNew Delhi: _bAnmol publications, _c2007. |
||
| 300 | _a156p. | ||
| 653 | _aGeneral management | ||
| 942 | _cBK | ||
| 999 |
_c9795 _d9795 |
||